000 01165 a2200181 4500
020 _a1857430506 (hardcover)
020 _a9781857430509 (hardcover)
082 0 4 _a031
090 _c4471
_d4471
100 1 _aEd, 63rd
245 1 0 _aInternational who's who 2000 /
_c63rd Ed.
250 _a63rd ed.
260 _a[S.l.] :
_bRoutledge,
_c1999.
300 _a1700 p. ;
_c29 cm.
520 _aThe coverage of this 63rd edition spans a wide range of occupations, from heads of state and major political figures to art and entertainment, education and law. It acknowledges merit and achievement on a global scale. There are nearly 20,000 entries, including almost 1000 completely new biographies; where possible, information is provided by the subjects themselves. There is a special section detailing the lives of 100 people from past editions who have helped shape the 20th century. There is also a separate section for the reigning royal families, together with an obituary list of people who have died since appearing in the last edition.
856 4 0 _3Amazon.com
_uhttp://www.amazon.com/exec/obidos/ASIN/1857430506/chopaconline-20
942 _aNBS
_cBK
_k920.01 EUR
999 _c346914
_d346914